书目信息 |
| 题名: |
科学门
|
|
| 作者: | 常凤启 编著 | |
| 分册: | 植物号 | |
| 出版信息: | 北京 中国少年儿童出版社 2002.12 |
|
| 页数: | 246页 | |
| 开本: | 21cm | |
| 丛书名: | ||
| 单 册: | ||
| 中图分类: | Z228.2 | |
| 科图分类: | ||
| 主题词: | 百科全书--中国 | |
| 电子资源: | ||
| ISBN: | 7-5007-6351-4 | |
| 000 | 00631nam0 2200217 450 | |
| 001 | 1161209492 | |
| 005 | 20111227171641.78 | |
| 010 | @a7-5007-6351-4@dCNY10.50 | |
| 100 | @a20111227d2002 km y0chiy0120 ea | |
| 101 | 0 | @achi |
| 102 | @aCN@b110000 | |
| 105 | @ay z 000yy | |
| 200 | 1 | @a科学门@Ake xue men@i植物号@f常凤启编著@Fchang feng qi bian zhu |
| 210 | @a北京@c中国少年儿童出版社@d2002.12 | |
| 215 | @a246页@d21cm | |
| 517 | 1 | @a植物号@Azhi wu hao |
| 606 | 0 | @a百科全书@y中国 |
| 690 | @aZ228.2@v4 | |
| 701 | 0 | @a常凤启@Achang feng qi@4编著 |
| 801 | 0 | @aCN@bZZRC@c20111227 |
| 905 | @a郑州市财税学校图书馆@dZ228.2@eC275@f3 | |
| 科学门.植物号/常凤启编著.-北京:中国少年儿童出版社,2002.12 |
| 246页;21cm |
| ISBN 7-5007-6351-4:CNY10.50 |
| ● |
| 相关链接 |
|
|
|
正题名:科学门
索取号:Z228.2/C275
 
预约/预借
| 序号 | 登录号 | 条形码 | 馆藏地/架位号 | 状态 | 备注 |
| 1 | 1181516 | 211815160 | 自科库501/501自科库 128排2列4层/ [索取号:Z228.2/C275] | 在馆 | |
| 2 | 1181517 | 211815179 | 自科库501/501自科库 128排2列4层/ [索取号:Z228.2/C275] | 在馆 | |
| 3 | 1181518 | 211815188 | 自科库501/501自科库 128排2列4层/ [索取号:Z228.2/C275] | 在馆 |